| 000 | 00547nam a2200205Ia 4500 | ||
|---|---|---|---|
| 001 | 8207 | ||
| 003 | IVS | ||
| 005 | 20250626025558.0 | ||
| 008 | 211022s9999 xx 000 0 und d | ||
| 040 | _cIVS | ||
| 082 | _a741.6 UMA | ||
| 100 | _aUmair Anwar | ||
| 245 | 0 | _aFilm vs digital : Revival of the moving Image in Pakistan | |
| 260 | _aKarachi | ||
| 260 | _bIndus Valley School | ||
| 260 | _c2005 | ||
| 300 | _av. p. | ||
| 856 | _uhttps://drive.google.com/file/d/1clhUVlvQ3Hpl23QeU9-TpKXJdp_00ffK/view?usp=sharing | ||
| 942 |
_cDISS _2ddc _n0 |
||
| 999 |
_c5693 _d5693 |
||